000 00542nam a22001817a 4500
005 20250225163324.0
008 250225b |||||||| |||| 00| 0 eng d
020 _a9780078303975
050 _aHF5415 FAR
100 _aFarese Lois Schneider
245 _aMarketing Essentials
_cLois Schneider Farese, Grady Kimbrell & Carl A. Woloszyk
260 _aNew York
_bMcGraw-Hill/Glencoe
_c2003
300 _axxviii. 772p.
_bill. col.
_c24 cm
650 _2Marketing
700 _aKimbrell Grady
700 _aWoloszyk Carl A.
942 _2lcc
_cBK
_n0
999 _c4347
_d4347